[Event "V Torneo Sudamericano Sub-20, Absoluto"]
[Site "Cochabamba"]
[Date "2009.04.08"]
[Round "1"]
[White "Fier, Alexander"]
[Black "Carlo, Daniel"]
[Result "1-0"]
[WhiteElo "2595"]
[BlackElo "2116"]
[PlyCount "61"]
[EventDate "2009.04.08"]
[EventCountry "BOL"]
[SourceDate "2009.04.08"]

1. d4 Nf6 2. c4 e5 3. dxe5 Ng4 4. Nf3 Bc5 5. e3 Nc6 6. Be2 Ncxe5 7. Nxe5 Nxe5
8. Nc3 O-O 9. O-O a5 10. b3 d6 11. Bb2 Bd7 12. Ne4 b6 13. Nxc5 bxc5 14. f4 Nc6
15. Bd3 Qh4 16. Qd2 Rfe8 17. Rf3 f6 18. Rg3 a4 19. Rf1 axb3 20. axb3 Reb8 21.
Bf5 Bxf5 22. Qd5+ Kf8 23. Qxc6 Ra7 24. Qd5 Bc8 25. Qd1 Be6 26. e4 Qh6 27. e5
Rd8 28. exf6 gxf6 29. f5 Bc8 30. Bc1 Qh4 31. Rg4 1-0

[Event "V Torneo Sudamericano Sub-20, Absoluto"]
[Site "Cochabamba"]
[Date "2009.04.08"]
[Round "1"]
[White "Peña, Hugo"]
[Black "Diamant, Andre"]
[Result "0-1"]
[WhiteElo "2111"]
[BlackElo "2506"]
[PlyCount "94"]
[EventDate "2009.04.08"]
[EventCountry "BOL"]
[SourceDate "2009.04.08"]

1. e4 c5 2. Nc3 Nc6 3. Nge2 e6 4. d4 cxd4 5. Nxd4 Qc7 6. g3 a6 7. Bg2 d6 8. O-O
Bd7 9. Nde2 Nf6 10. b3 Be7 11. h3 b5 12. Bb2 O-O 13. Nf4 Ne5 14. Rc1 Bc6 15.
Nd3 a5 16. Re1 Qb7 17. Qe2 Rfe8 18. f4 Ned7 19. e5 b4 20. Ne4 Nxe4 21. Bxe4
Bxe4 22. Qxe4 Qxe4 23. Rxe4 d5 24. Re2 Rec8 25. Bd4 Ra6 26. Kg2 Rac6 27. g4 f6
28. Kg3 Kf7 29. h4 fxe5 30. Nxe5+ Nxe5 31. Bxe5 Bf6 32. g5 Bxe5 33. fxe5 h5 34.
gxh6 gxh6 35. Rf1+ Ke7 36. Rff2 Rg8+ 37. Kh2 Rg4 38. Kh3 h5 39. Rf3 Rc3 40. Rd3
Kd7 41. Rde3 Kc6 42. Rd3 d4 43. Rf2 Kd5 44. Rf8 Kxe5 45. Ra8 Rxc2 46. Rxa5+ Ke4
47. Rd1 Rcg2 0-1

[Event "V Torneo Sudamericano Sub-20, Absoluto"]
[Site "Cochabamba"]
[Date "2009.04.08"]
[Round "1"]
[White "Gallego, Andres"]
[Black "Sartori, Sergio"]
[Result "1-0"]
[WhiteElo "2373"]
[BlackElo "2051"]
[PlyCount "67"]
[EventDate "2009.04.08"]
[EventCountry "BOL"]
[SourceDate "2009.04.08"]

1. e4 e5 2. Nf3 Nc6 3. Bb5 Bc5 4. c3 Nf6 5. O-O O-O 6. d4 Bb6 7. Bg5 h6 8. Bh4
g5 9. Nxg5 hxg5 10. Bxg5 Qe7 11. f4 Nxd4 12. cxd4 Bxd4+ 13. Kh1 Kg7 14. Nc3 c6
15. Ne2 Be3 16. Ng3 Qc5 17. fxe5 Bxg5 18. exf6+ Bxf6 19. Nh5+ Kh8 20. Nxf6 d6
21. Bd3 Qe5 22. Qh5+ Qxh5 23. Nxh5 Be6 24. Rf6 Rfd8 25. a3 a5 26. Raf1 a4 27.
e5 dxe5 28. Rh6+ Kg8 29. Bh7+ Kh8 30. Bf5+ Kg8 31. Bxe6 fxe6 32. Rg6+ Kh7 33.
Rg7+ Kh6 34. Rf6+ 1-0

[Event "V Torneo Sudamericano Sub-20, Absoluto"]
[Site "Cochabamba"]
[Date "2009.04.08"]
[Round "1"]
[White "Parada, Felipe"]
[Black "Diaz, Ciro"]
[Result "0-1"]
[WhiteElo "1960"]
[BlackElo "2347"]
[PlyCount "72"]
[EventDate "2009.04.08"]
[EventCountry "BOL"]
[SourceDate "2009.04.08"]

1. e4 e5 2. d4 Nc6 3. dxe5 Nxe5 4. f4 Nc6 5. Nc3 Bc5 6. Bc4 d6 7. Nf3 Nf6 8.
Bd2 O-O 9. Qe2 Ng4 10. Bd3 Nd4 11. Nxd4 Bxd4 12. f5 Qh4+ 13. g3 Qh3 14. O-O-O
Nf2 15. Qf3 Nxh1 16. Rxh1 Bxc3 17. bxc3 h5 18. c4 Qg4 19. Qg2 h4 20. Bf4 h3 21.
Qf1 Qh5 22. Be2 Qh7 23. g4 Bd7 24. Rg1 Rfe8 25. Bd3 Bc6 26. Qf3 g5 27. Bxg5 Qg7
28. Qe3 Bxe4 29. Bxe4 Rxe4 30. Qxe4 Qa1+ 31. Kd2 Qxg1 32. Qf4 Re8 33. Bh4 f6
34. Bg3 Qg2+ 35. Kd1 Qe2+ 36. Kc1 Qe3+ 0-1

[Event "V Torneo Sudamericano Sub-20, Absoluto"]
[Site "Cochabamba"]
[Date "2009.04.08"]
[Round "1"]
[White "Guerra, Lenin"]
[Black "Mendoza, Rodrigo"]
[Result "0-1"]
[WhiteElo "2343"]
[BlackElo "1924"]
[PlyCount "102"]
[EventDate "2009.04.08"]
[EventCountry "BOL"]
[SourceDate "2009.04.08"]

1. e4 c6 2. d4 d5 3. exd5 cxd5 4. Bd3 Nf6 5. c3 e6 6. Bf4 Bd6 7. Bxd6 Qxd6 8.
Nf3 Nc6 9. O-O O-O 10. Re1 Rb8 11. Nbd2 b5 12. a3 Na5 13. Qc2 Bd7 14. b4 Nc4
15. Nb3 Qf4 16. Ne5 Nxe5 17. dxe5 Ng4 18. g3 Qh6 19. f3 Ne3 20. Qf2 Nc4 21.
Rad1 Bc6 22. Nd4 Rfc8 23. Bxc4 bxc4 24. Nxc6 Rxc6 25. Qxa7 Rcc8 26. Qf2 Ra8 27.
Ra1 Ra4 28. b5 Qg5 29. b6 Qe7 30. Reb1 Rxa3 31. b7 Rb8 32. Qb6 g6 33. Rxa3 Qxa3
34. Qc7 Qa7+ 35. Rb6 Kg7 36. Kg2 d4 37. cxd4 c3 38. Rc6 Rxb7 39. Qd8 Qa2+ 40.
Kh3 Qd2 41. Qf6+ Kh6 42. Qh8 Rb2 43. Qf8+ Kg5 44. Qe7+ Kh6 45. Qf8+ Kh5 46. g4+
Kg5 47. Qe7+ Kf4 48. Qxf7+ Ke3 49. Kh4 h6 50. Rxc3+ Qxc3 51. Qxg6 Qe1+ 0-1

[Event "V Torneo Sudamericano Sub-20, Absoluto"]
[Site "Cochabamba"]
[Date "2009.04.08"]
[Round "1"]
[White "Macias, Bryam"]
[Black "Llacsahuanga, Diego"]
[Result "1-0"]
[WhiteElo "2299"]
[BlackElo "1830"]
[PlyCount "67"]
[EventDate "2009.04.08"]
[EventCountry "BOL"]
[SourceDate "2009.04.08"]

1. e4 c5 2. Nf3 d6 3. c3 Nf6 4. Be2 Nbd7 5. Qc2 b6 6. d4 cxd4 7. cxd4 Bb7 8.
Nc3 Rc8 9. Qd3 e5 10. O-O Be7 11. Re1 O-O 12. Bf1 a6 13. Bd2 Re8 14. Rad1 Bf8
15. Bg5 Qc7 16. Rc1 Qb8 17. d5 h6 18. Bd2 g6 19. h3 Bg7 20. Nh2 Kh7 21. Qf3 Rf8
22. Bd3 b5 23. Rcd1 Nb6 24. Ne2 Nc4 25. Bc1 b4 26. g4 Nd7 27. Ng3 Bf6 28. Qe2
Qc7 29. Nf3 Be7 30. b3 Na3 31. Qd2 g5 32. Qxb4 Nb5 33. Nf5 Nc5 34. Bc4 1-0

[Event "V Torneo Sudamericano Sub-20, Absoluto"]
[Site "Cochabamba"]
[Date "2009.04.08"]
[Round "1"]
[White "Rozo, Paulo"]
[Black "Fernandez, Fernando"]
[Result "0-1"]
[WhiteElo "1924"]
[BlackElo "2317"]
[PlyCount "60"]
[EventDate "2009.04.08"]
[EventCountry "BOL"]
[SourceDate "2009.04.08"]

1. e4 c5 2. c3 Nf6 3. e5 Nd5 4. g3 Nc6 5. Bg2 e6 6. f4 d6 7. Nf3 Be7 8. Qe2 O-O
9. O-O Rb8 10. d3 b5 11. Nbd2 Qc7 12. d4 b4 13. c4 Ba6 14. Qf2 Nb6 15. exd6
Qxd6 16. Ne4 Qc7 17. dxc5 Nxc4 18. b3 N4a5 19. Rd1 Nb7 20. Bb2 Rbd8 21. Ne5 Bb5
22. Nd6 Nxd6 23. cxd6 Rxd6 24. Rxd6 Qxd6 25. Nxc6 Bxc6 26. Bxc6 Qxc6 27. Rc1
Qb7 28. Be5 Rc8 29. Rxc8+ Qxc8 30. Qxa7 Bc5+ 0-1

[Event "V Torneo Sudamericano Sub-20, Femenino"]
[Site "Cochabamba"]
[Date "2009.04.08"]
[Round "1"]
[White "Cordero, Daniela"]
[Black "Feliciano, Vanessa"]
[Result "0-1"]
[WhiteElo "1969"]
[BlackElo "2112"]
[PlyCount "80"]
[EventDate "2009.04.08"]
[EventCountry "BOL"]
[SourceDate "2009.04.08"]

1. d4 Nf6 2. Nf3 g6 3. c4 Bg7 4. g3 d6 5. Bg2 O-O 6. O-O Nbd7 7. Nc3 e5 8. e4
c6 9. h3 exd4 10. Nxd4 Re8 11. Be3 Nc5 12. Qc2 a5 13. Rfe1 a4 14. f4 Qa5 15.
Rab1 Qb4 16. a3 Qa5 17. Rbd1 Nfd7 18. Bf2 Nb6 19. Bf1 Bd7 20. Nf3 Be6 21. Bd4
Bxc4 22. Bxc4 Nxc4 23. Bxg7 Kxg7 24. Rd4 b5 25. Na2 d5 26. e5 Ne4 27. Kg2 Qxe1
28. Nxe1 Ne3+ 29. Kf3 Nxc2 30. Nxc2 Rad8 31. Ne3 f6 32. Ng4 h5 33. exf6+ Nxf6
34. Ne5 c5 35. Rd1 d4 36. Nc1 Nd7 37. Ncd3 c4 38. Nxd7 Re3+ 39. Kf2 cxd3 40.
Ne5 Rc8 0-1

[Event "V Torneo Sudamericano Sub-20, Femenino"]
[Site "Cochabamba"]
[Date "2009.04.08"]
[Round "1"]
[White "Estrada, Lucia"]
[Black "Vargas, Gabriela"]
[Result "1-0"]
[WhiteElo "1887"]
[BlackElo "2090"]
[PlyCount "85"]
[EventDate "2009.04.08"]
[EventCountry "BOL"]
[SourceDate "2009.04.08"]

1. d4 c5 2. d5 e6 3. c4 exd5 4. cxd5 d6 5. Nc3 Nf6 6. e4 g6 7. Qc2 Bg7 8. Bf4
O-O 9. Bd3 Na6 10. a3 Nc7 11. Nge2 Rb8 12. a4 a6 13. a5 b5 14. axb6 Rxb6 15.
O-O Nb5 16. Rab1 Ng4 17. Qd2 f5 18. f3 Ne5 19. Be3 fxe4 20. fxe4 Ng4 21. Bg5
Rxf1+ 22. Rxf1 Qe8 23. h3 Ne5 24. Bf6 Rb7 25. Bxg7 Kxg7 26. Bxb5 axb5 27. Qg5
b4 28. Nd1 Qe7 29. Qg3 Qd8 30. Nf4 Rf7 31. Ne3 Kh8 32. b3 Qe7 33. Ra1 Qf6 34.
Rf1 Qe7 35. Ra1 Rf8 36. Ra2 g5 37. Ne2 Qf6 38. Qe1 Bxh3 39. Ng3 Bxg2 40. Kxg2
Qf3+ 41. Kg1 Nd3 42. Qa1+ Ne5 43. Nef5 1-0

[Event "V Torneo Sudamericano Sub-20, Femenino"]
[Site "Cochabamba"]
[Date "2009.04.08"]
[Round "1"]
[White "Heredia, Carla"]
[Black "Borda, Carla"]
[Result "1-0"]
[WhiteElo "2097"]
[BlackElo "2022"]
[PlyCount "69"]
[EventDate "2009.04.08"]
[EventCountry "BOL"]
[SourceDate "2009.04.08"]

1. e4 c6 2. d4 d5 3. Nc3 dxe4 4. Nxe4 Nf6 5. Nxf6+ gxf6 6. c3 Bf5 7. Nf3 e6 8.
g3 Nd7 9. Bg2 Qc7 10. O-O Bg7 11. Nh4 Bg6 12. f4 f5 13. Be3 Bf6 14. Nf3 Bh5 15.
Qc2 Bxf3 16. Bxf3 h5 17. b4 h4 18. b5 hxg3 19. hxg3 Rg8 20. Kf2 cxb5 21. d5
Qxc3 22. Qxc3 Bxc3 23. Rac1 b4 24. dxe6 fxe6 25. Bxb7 Rb8 26. Bc6 a5 27. Rcd1
Rg7 28. Rh1 Rf7 29. Rd6 Rd8 30. Rhd1 Rh7 31. Kg2 Re7 32. Bb6 Rb8 33. Bc7 Rc8
34. Rxd7 Kf8 35. Bd6 1-0

[Event "V Torneo Sudamericano Sub-20, Femenino"]
[Site "Cochabamba"]
[Date "2009.04.08"]
[Round "1"]
[White "Orejuela, Paulina"]
[Black "Romero, Abigail"]
[Result "1/2-1/2"]
[WhiteElo "1883"]
[BlackElo "2057"]
[PlyCount "112"]
[EventDate "2009.04.08"]
[EventCountry "BOL"]
[SourceDate "2009.04.08"]

1. e4 c5 2. c3 Nf6 3. e5 Nd5 4. d4 cxd4 5. cxd4 d6 6. f4 e6 7. Nf3 dxe5 8. fxe5
Bb4+ 9. Bd2 Qa5 10. Qb3 Nc6 11. Nc3 O-O 12. a3 Be7 13. Bd3 Qb6 14. Qxb6 Nxb6
15. O-O Rd8 16. Bg5 h6 17. Bxe7 Nxe7 18. Nb5 Nbd5 19. Nd6 Ne3 20. Rf2 N3f5 21.
Bxf5 Nxf5 22. Nxf5 exf5 23. Rc1 Be6 24. Rc7 Rab8 25. Rfc2 g5 26. Rd2 Kf8 27.
Ne1 a5 28. Nc2 b5 29. Ra7 a4 30. Nb4 Rbc8 31. d5 Rc5 32. d6 Rd7 33. Rxd7 Bxd7
34. Rd5 Rc4 35. Nd3 Ke8 36. Nc5 Rc1+ 37. Kf2 Rc2+ 38. Kf1 Rxb2 39. h3 b4 40.
axb4 a3 41. Rd3 Bb5 42. d7+ Bxd7 43. Rxa3 Rxb4 44. Nxd7 Kxd7 45. Ra6 h5 46. Rf6
Rf4+ 47. Kg1 Ke7 48. g3 Rf3 49. Kg2 g4 50. Rh6 Rb3 51. hxg4 Rb2+ 52. Kg1 hxg4
53. Rf6 Rb3 54. Kf2 Rb2+ 55. Kg1 Rb3 56. Kf2 Rb2+ 1/2-1/2

[Event "V Torneo Sudamericano Sub-20, Femenino"]
[Site "Cochabamba"]
[Date "2009.04.09"]
[Round "2"]
[White "Mendoza, Samantha"]
[Black "Estrada, Lucia"]
[Result "0-1"]
[WhiteElo "1827"]
[BlackElo "1887"]
[PlyCount "60"]
[EventCountry "BOL"]
[SourceDate "2009.04.08"]

1. e4 e6 2. d4 d5 3. Nc3 Bb4 4. e5 Ne7 5. Qg4 g6 6. Bg5 h5 7. Qh4 c5 8. Bb5+
Bd7 9. Bxd7+ Qxd7 10. Bxe7 Qxe7 11. Qxe7+ Kxe7 12. dxc5 Nc6 13. Nf3 Bxc5 14.
O-O a6 15. Ne2 Rac8 16. c3 Ba7 17. Rad1 Bb8 18. Rfe1 Nxe5 19. Nxe5 Bxe5 20. Nc1
Kf6 21. Nd3 Bb8 22. Re2 Rc4 23. Rde1 Rhc8 24. Re3 d4 25. Rf3+ Kg7 26. cxd4 Rxd4
27. Rfe3 Rcd8 28. Nc1 Rd2 29. b3 Rc2 30. Rf3 Rdd2 0-1

[Event "V Torneo Sudamericano Sub-20, Femenino"]
[Site "Cochabamba"]
[Date "2009.04.09"]
[Round "2"]
[White "Borda, Carla"]
[Black "Orejuela, Paulina"]
[Result "0-1"]
[WhiteElo "2022"]
[BlackElo "1883"]
[PlyCount "86"]
[EventCountry "BOL"]
[SourceDate "2009.04.08"]

1. e4 e5 2. Nf3 Nc6 3. Bc4 Bc5 4. c3 Nf6 5. d4 exd4 6. cxd4 Bb4+ 7. Nc3 Nxe4 8.
O-O Bxc3 9. d5 Bf6 10. Re1 Ne7 11. Rxe4 d6 12. Bg5 Bxg5 13. Nxg5 h6 14. Qe2
hxg5 15. Re1 Be6 16. dxe6 f6 17. Re3 Kf8 18. Bd3 Qe8 19. Rh3 Rxh3 20. gxh3 g6
21. Qf3 Kg7 22. Qxb7 Qb8 23. Qg2 c6 24. b3 Qb4 25. Rd1 Rh8 26. Qg3 Nd5 27. Bf1
Nf4 28. Qe3 Qb8 29. Bg2 Re8 30. Bxc6 Rxe6 31. Qf3 Qb4 32. Rf1 Ne2+ 33. Kh1 Nd4
34. Qg2 Re1 35. Ba8 Nf5 36. Rxe1 Qxe1+ 37. Qg1 Qe2 38. a4 Qd3 39. Qg2 Qd1+ 40.
Qg1 Qxb3 41. Bc6 d5 42. Qg4 Nh4 43. f3 Qd1+ 0-1

[Event "V Torneo Sudamericano Sub-20, Femenino"]
[Site "Cochabamba"]
[Date "2009.04.09"]
[Round "2"]
[White "Vargas, Gabriela"]
[Black "Heredia, Carla"]
[Result "1/2-1/2"]
[WhiteElo "2090"]
[BlackElo "2097"]
[PlyCount "105"]
[EventCountry "BOL"]
[SourceDate "2009.04.08"]

1. d4 Nf6 2. c4 g6 3. Nc3 Bg7 4. e4 d6 5. f3 c6 6. Be3 a6 7. a4 O-O 8. Bd3 e5
9. d5 Nh5 10. Nge2 f5 11. exf5 gxf5 12. Qd2 c5 13. Bg5 Qe8 14. Bh6 Rf6 15. Bxg7
Nxg7 16. g4 fxg4 17. fxg4 Bxg4 18. Qg5 Bxe2 19. Nxe2 Nd7 20. Rg1 Qe7 21. O-O-O
e4 22. Bxe4 Rf7 23. Qxe7 Rxe7 24. Ng3 Kh8 25. Rdf1 Rf8 26. Rxf8+ Nxf8 27. Rf1
Kg8 28. Rf6 Ne8 29. Rf4 Ng6 30. Bxg6 hxg6 31. Ne4 Re5 32. a5 Kg7 33. h4 Rf5 34.
Rxf5 gxf5 35. Ng5 Kg6 36. Kd2 Kh5 37. Ke3 Kg4 38. Ne6 Nf6 39. Nf4 Ne8 40. h5
Kg5 41. Ne6+ Kxh5 42. Kf4 Kg6 43. Nd8 Nf6 44. Nxb7 Ne4 45. b3 Kf6 46. Nd8 Nd2
47. Nc6 Nxb3 48. Ke3 Kg5 49. Nd8 Nxa5 50. Nf7+ Kf6 51. Nxd6 Ke5 52. Nf7+ Kf6
53. Nd6 1/2-1/2

[Event "V Torneo Sudamericano Sub-20, Femenino"]
[Site "Cochabamba"]
[Date "2009.04.09"]
[Round "2"]
[White "Romero, Abigail"]
[Black "Cordero, Daniela"]
[Result "0-1"]
[WhiteElo "2057"]
[BlackElo "1969"]
[Annotator ",Toshiba"]
[PlyCount "124"]
[EventCountry "BOL"]
[SourceDate "2009.04.08"]

1. e4 c6 2. d4 d5 3. e5 Bf5 4. c3 e6 5. Be3 Ne7 6. Nd2 Nd7 7. f4 Bg6 8. Ngf3
Qc7 9. Be2 c5 10. O-O Nc6 11. Kh1 Be7 12. Rc1 Qb6 13. Qb3 cxd4 14. cxd4 O-O 15.
Qxb6 Nxb6 16. Nb3 Nc4 17. Bg1 Nxb2 18. Nfd2 Bd3 19. Bxd3 Nxd3 20. Rc3 Ndb4 21.
a3 Na6 22. Nb1 h6 23. f5 exf5 24. Rxf5 Rac8 25. h3 Ncb8 26. Rg3 Nc7 27. Be3 Kh7
28. Rgf3 Kg6 29. Rf1 Ne6 30. Bd2 Nc6 31. Be3 b6 32. Nc3 Nc7 33. R5f3 Bxa3 34.
Rg3+ Kh7 35. Rgf3 Nd8 36. Bf4 Bb4 37. Na2 Be7 38. Rc1 Nde6 39. Bd2 Ba3 40. Rcf1
Kg8 41. Rg3 h5 42. Nac1 Nb5 43. Ne2 Be7 44. Nf4 Nxf4 45. Bxf4 Bh4 46. Rgf3 Rc3
47. Rxc3 Nxc3 48. Bd2 Ne4 49. Be1 Bxe1 50. Rxe1 Rc8 51. Kg1 Rc3 52. Nc1 a5 53.
Rd1 b5 54. Nd3 Ra3 55. Nf4 Nc3 56. Re1 Ra4 57. e6 fxe6 58. Nxe6 b4 59. Ng5 Ne4
60. Ne6 b3 61. Rb1 Nd2 62. Rc1 b2 {0-1 Llacsahuanga,D-Guerra,L/Cochabamba 2009}
0-1

[Event "V Torneo Sudamericano Sub-20, Absoluto"]
[Site "Cochabamba"]
[Date "2009.04.09"]
[Round "2"]
[White "Carlo, Daniel"]
[Black "Parada, Felipe"]
[Result "0-1"]
[WhiteElo "2116"]
[BlackElo "1960"]
[PlyCount "54"]
[EventType "tourn"]
[EventCountry "BOL"]
[SourceDate "2009.04.08"]

1. e4 e5 2. Nf3 Nc6 3. d4 exd4 4. Nxd4 Bc5 5. Be3 Qe7 6. Nc3 Nf6 7. Nf5 Qf8 8.
Nxg7+ Qxg7 9. Bxc5 d6 10. Be3 Be6 11. f3 O-O-O 12. Qd2 d5 13. Bh6 Qg6 14. exd5
Nxd5 15. Bd3 Bf5 16. Bxf5+ Qxf5 17. O-O-O Ndb4 18. Qf2 Qe6 19. Bg7 Nxa2+ 20.
Nxa2 Qxa2 21. b3 Rhe8 22. Qh4 a6 23. Qxh7 Nd4 24. Bxd4 Rxd4 25. Rxd4 Qa1+ 26.
Kd2 Qxd4+ 27. Qd3 Qf4+ 0-1

[Event "V Torneo Sudamericano Sub-20, Absoluto"]
[Site "Cochabamba"]
[Date "2009.04.09"]
[Round "2"]
[White "Diaz, Ciro"]
[Black "Gemy, Jose"]
[Result "1-0"]
[WhiteElo "2347"]
[BlackElo "2188"]
[PlyCount "57"]
[EventType "tourn"]
[EventCountry "BOL"]
[SourceDate "2009.04.08"]

1. e4 c5 2. Nf3 Nc6 3. d4 cxd4 4. Nxd4 e6 5. Nb5 d6 6. c4 Nf6 7. N1c3 a6 8. Na3
Be7 9. Be2 O-O 10. O-O Qc7 11. Be3 Nd7 12. f4 b6 13. Qe1 Bf6 14. Rd1 Nc5 15.
Bf3 Bb7 16. g4 Ne7 17. e5 dxe5 18. g5 e4 19. gxf6 exf3 20. fxe7 Qxe7 21. Nc2
Qf6 22. Qg3 Rfd8 23. Nd4 Ne4 24. Nxe4 Bxe4 25. Nxf3 Bxf3 26. Qxf3 Qxb2 27. Rd2
Qb4 28. Rfd1 Rdc8 29. Qxa8 1-0

[Event "V Torneo Sudamericano Sub-20, Absoluto"]
[Site "Cochabamba"]
[Date "2009.04.09"]
[Round "2"]
[White "Espinoza, William"]
[Black "Fier, Alexander"]
[Result "0-1"]
[WhiteElo "2281"]
[BlackElo "2595"]
[PlyCount "122"]
[EventType "tourn"]
[EventCountry "BOL"]
[SourceDate "2009.04.08"]

1. d4 e6 2. e4 d5 3. Nc3 Bb4 4. e5 c5 5. a3 Bxc3+ 6. bxc3 Ne7 7. Nf3 Qa5 8. Bd2
Nbc6 9. a4 Bd7 10. Bb5 O-O-O 11. O-O f6 12. Re1 Qc7 13. Bc1 fxe5 14. Nxe5 Nxe5
15. Rxe5 Ng6 16. Re1 c4 17. Bxd7+ Qxd7 18. Qg4 Rde8 19. Bf4 Nxf4 20. Qxf4 Rhf8
21. Qg3 Rf5 22. Re5 Rxe5 23. Qxe5 Qc7 24. Qh5 g6 25. Qf3 Qd7 26. Qf4 Qc7 27.
Qf3 Qd6 28. Qf7 Qe7 29. Qf3 Qf8 30. Qh3 h5 31. Re1 Qf5 32. Qxf5 gxf5 33. g3 Kd7
34. Kg2 Kd6 35. Kf3 e5 36. Rb1 exd4 37. cxd4 b6 38. c3 Re4 39. h4 Kc6 40. Ra1
a6 41. Ra2 b5 42. axb5+ axb5 43. Ra6+ Kc7 44. Ra5 Kb6 45. Ra8 Re1 46. Kf4 Rc1
47. Ra3 Rb1 48. Kxf5 Rb3 49. Ra1 Rxc3 50. Ke5 b4 51. f4 b3 52. f5 Rf3 53. Rb1
Kb5 54. f6 Kb4 55. g4 hxg4 56. h5 c3 57. h6 c2 58. Rh1 b2 59. h7 Re3+ 60. Kd6
Re8 61. f7 Rh8 0-1

[Event "V Torneo Sudamericano Sub-20, Absoluto"]
[Site "Cochabamba"]
[Date "2009.04.09"]
[Round "2"]
[White "Diamant, Andre"]
[Black "Macias, Bryan"]
[Result "1/2-1/2"]
[WhiteElo "2506"]
[BlackElo "2299"]
[PlyCount "102"]
[EventType "tourn"]
[EventCountry "BOL"]
[SourceDate "2009.04.08"]

1. e4 c5 2. Nf3 e6 3. d4 cxd4 4. Nxd4 a6 5. Bd3 g6 6. Nc3 Bg7 7. Nb3 Ne7 8. Be3
d5 9. Qd2 O-O 10. Bh6 Nbc6 11. Bxg7 Kxg7 12. exd5 Nxd5 13. Be4 Nf6 14. O-O-O
Qxd2+ 15. Rxd2 Ne5 16. Re1 Nc4 17. Rd4 Nxe4 18. Rxc4 Nxc3 19. Rxc3 Rd8 20. f3
b6 21. Rc7 Rd7 22. Rxd7 Bxd7 23. Rd1 Be8 24. Rd6 Rb8 25. c4 a5 26. Kd2 Kf6 27.
Kc3 Ke7 28. Rd2 Rc8 29. Nd4 e5 30. Nc2 f6 31. Ne3 Ke6 32. a3 a4 33. Kb4 Bc6 34.
Nd5 Rd8 35. Nc7+ Ke7 36. Rxd8 Kxd8 37. Nd5 Bxd5 38. cxd5 Kd7 39. Kxa4 Kd6 40.
Kb3 Kxd5 41. Kc3 b5 42. b3 f5 43. a4 Kc5 44. b4+ Kc6 45. a5 Kb7 46. Kd3 Kc6 47.
h3 Kc7 48. Ke3 Kc6 49. g3 Kb7 50. h4 h5 51. Kf2 Kc6 1/2-1/2

[Event "V Torneo Sudamericano Sub-20, Absoluto"]
[Site "Cochabamba"]
[Date "2009.04.09"]
[Round "2"]
[White "Sartori, Sergio"]
[Black "Rozo, Paulo"]
[Result "0-1"]
[WhiteElo "2051"]
[BlackElo "1924"]
[PlyCount "94"]
[EventType "tourn"]
[EventCountry "BOL"]
[SourceDate "2009.04.08"]

1. e4 e5 2. Nc3 Nf6 3. Bc4 Nxe4 4. Qh5 Nd6 5. Qxe5+ Qe7 6. Qxe7+ Bxe7 7. Bb3
Nc6 8. Nf3 b6 9. d3 Na5 10. Bf4 Nxb3 11. axb3 Bb7 12. O-O Bxf3 13. gxf3 c6 14.
Rfe1 Nf5 15. Ra4 d5 16. Rea1 a5 17. b4 Kd7 18. bxa5 b5 19. R4a2 Nd4 20. Kg2
Nxc2 21. Rd1 g5 22. Bc1 Bf6 23. Ne2 Rhe8 24. Kf1 h6 25. d4 Bd8 26. Bd2 Bf6 27.
Bc1 Ra7 28. Bd2 b4 29. b3 Nxd4 30. Be3 Nxe2 31. Bxa7 Nc3 32. Rdd2 Nxa2 33. Rxa2
Ra8 34. Be3 Be5 35. h3 d4 36. Bd2 c5 37. Ke2 Kc6 38. Kd3 Kb5 39. Ke4 Bf4 40.
Bxf4 gxf4 41. Kd3 Rxa5 42. Re2 Ra3 43. Re7 Rxb3+ 44. Ke2 Kc4 45. Rxf7 d3+ 46.
Kd2 Rb2+ 47. Kc1 Rxf2 0-1

[Event "V Torneo Sudamericano Sub-20, Absoluto"]
[Site "Cochabamba"]
[Date "2009.04.09"]
[Round "2"]
[White "Mendoza, Rodrigo"]
[Black "Gallegos, Andres"]
[Result "1/2-1/2"]
[WhiteElo "1924"]
[BlackElo "2373"]
[PlyCount "143"]
[EventType "tourn"]
[EventCountry "BOL"]
[SourceDate "2009.04.08"]

1. d4 Nf6 2. Nf3 g6 3. g3 Bg7 4. Bg2 O-O 5. O-O d5 6. c4 c6 7. Nc3 dxc4 8. Ne5
Ng4 9. Bf4 Nxe5 10. dxe5 Nd7 11. Qd4 Nxe5 12. Qc5 Qd6 13. Qe3 Ng4 14. Qc1 e5
15. Ne4 Qc7 16. Bg5 f5 17. Qxc4+ Qf7 18. Qxf7+ Kxf7 19. Nd6+ Ke6 20. Rad1 h6
21. Nxc8 Raxc8 22. Bd2 Rfd8 23. Bc3 Nf6 24. b3 Bf8 25. Ba5 Rxd1 26. Rxd1 Bc5
27. e3 e4 28. Bf1 Nd5 29. Bc4 b5 30. Bf1 Bb6 31. Bd2 a6 32. a4 Rc7 33. Rc1 Kd6
34. Rc2 Rf7 35. Bc1 Bc5 36. Bb2 Rd7 37. Be2 Rb7 38. h4 h5 39. Kh2 Bb4 40. Kg1
c5 41. Kf1 Kc6 42. Be5 Nb6 43. axb5+ axb5 44. Ra2 Re7 45. Bf4 Rd7 46. f3 Bc3
47. g4 hxg4 48. fxg4 fxg4 49. Bxg4 Rh7 50. h5 gxh5 51. Bf5 Re7 52. Rh2 c4 53.
bxc4 b4 54. Rxh5 b3 55. Rh6+ Kb7 56. c5 Nd5 57. Re6 Rxe6 58. Bxe6 Kc6 59. Bf5
Nf6 60. Be6 b2 61. Ba2 Nd7 62. Bd6 Bb4 63. Bb1 Bxc5 64. Bf4 Kd5 65. Ba2+ Kc6
66. Bb1 Nf6 67. Bg5 Nd5 68. Bxe4 Kb6 69. Bb1 Kc6 70. e4 Nc3 71. Bc2 Bd4 72. Bf4
1/2-1/2

[Event "V Torneo Sudamericano Sub-20, Absoluto"]
[Site "Cochabamba"]
[Date "2009.04.09"]
[Round "2"]
[White "Llacsahuanga, Diego"]
[Black "Guerra, Lenin"]
[Result "0-1"]
[WhiteElo "1830"]
[BlackElo "2343"]
[PlyCount "94"]
[EventType "tourn"]
[EventCountry "BOL"]
[SourceDate "2009.04.08"]

1. Nf3 d5 2. c4 e6 3. g3 Nf6 4. Bg2 dxc4 5. Qa4+ Nbd7 6. Qxc4 a6 7. a4 Rb8 8.
Nc3 c5 9. O-O Qa5 10. d4 b5 11. axb5 Qxa1 12. Bf4 Qa5 13. Bxb8 Nxb8 14. dxc5
axb5 15. Nxb5 Na6 16. Ne5 Bxc5 17. Nc6 Qb6 18. b4 Be7 19. Ra1 Nd5 20. e4 Ndc7
21. Nxc7+ Nxc7 22. e5 Ba6 23. Qg4 Rg8 24. Nxe7 Kxe7 25. Qh4+ g5 26. Qxh7 Rg6
27. Be4 Qd4 28. Rxa6 Qxe4 29. Ra3 Qxe5 30. b5 Qd6 31. Qh8 Qb6 32. Ra1 Rf6 33.
Rf1 Qxb5 34. h4 gxh4 35. Qxh4 Qc5 36. Qe4 Nd5 37. Qb1 Rg6 38. Qb7+ Kf8 39. Qb8+
Kg7 40. Qe5+ Kg8 41. Rb1 Kh7 42. Rb8 Qc1+ 43. Kg2 Nf4+ 44. Kf3 Qd1+ 45. Ke3
Qe2+ 46. Kd4 Qxe5+ 47. Kxe5 Nd3+ 0-1

[Event "V Torneo Sudamericano Sub-20, Femenino"]
[Site "Cochabamba"]
[Date "2009.04.09"]
[Round "3"]
[White "Heredia, Carla"]
[Black "Mendoza, Samantha"]
[Result "1-0"]
[WhiteElo "2097"]
[BlackElo "1827"]
[Annotator ",Toshiba"]
[PlyCount "61"]
[EventCountry "BOL"]
[SourceDate "2009.04.08"]

1. d4 b6 2. e4 Bb7 3. Nc3 e6 4. Bd3 Nf6 5. Nf3 d5 6. e5 Nfd7 7. O-O Be7 8. Ne2
c5 9. c3 O-O 10. Ne1 Nc6 11. f4 cxd4 12. cxd4 Nb4 13. Bb1 f5 14. a3 Nc6 15. g4
fxg4 16. Qd3 g6 17. Qg3 Ba6 18. Nd3 Rf7 19. Qxg4 Nf8 20. Be3 Qd7 21. b4 Bd8 22.
Qg2 Ne7 23. Ng3 Nf5 24. Nxf5 Rxf5 25. a4 Bc4 26. Rc1 Rh5 27. Rxc4 dxc4 28. Qxa8
cxd3 29. Bxd3 Qe7 30. Be2 Qxb4 31. Qxd8 1-0

[Event "V Torneo Sudamericano Sub-20, Femenino"]
[Site "Cochabamba"]
[Date "2009.04.09"]
[Round "3"]
[White "Orejuela, Paulina"]
[Black "Vargas, Gabriela"]
[Result "0-1"]
[WhiteElo "1883"]
[BlackElo "2090"]
[Annotator ",Toshiba"]
[PlyCount "92"]
[EventCountry "BOL"]
[SourceDate "2009.04.08"]

1. e4 e6 2. d4 d5 3. e5 c5 4. c3 Nc6 5. Nf3 Qb6 6. a3 Nh6 7. b4 cxd4 8. cxd4
Nf5 9. Bb2 Be7 10. Bd3 Bd7 11. Bxf5 exf5 12. Nc3 Be6 13. O-O a5 14. b5 Nb8 15.
Qd3 a4 16. Rac1 Nd7 17. Rfd1 O-O 18. Qe3 Rfc8 19. Rd2 Qd8 20. Rdc2 Nb6 21. Nd2
f4 22. Qd3 Qd7 23. Ne2 Rxc2 24. Qxc2 Rc8 25. Qb1 Qxb5 26. Nxf4 Nc4 27. Nxc4
Rxc4 28. Rxc4 dxc4 29. Qc2 Qb3 30. Qxb3 axb3 31. d5 Bf5 32. d6 Bd8 33. Bc3 Ba5
34. Nd5 Bxc3 35. Nxc3 Kf8 36. Na4 b5 37. Nc3 b2 38. f4 b1=Q+ 39. Nxb1 Bxb1 40.
Kf2 Ke8 41. Ke3 c3 42. g4 Be4 43. f5 c2 44. Kd2 Kd7 45. h3 Bg2 46. h4 Bh3 0-1